000 00823nam a2200241 i 4500
001 71943
003 ES-MaACL
005 20230906171301.0
007 t|
008 040820s1965 sp ||||1| spa d
100 1 _aGil Fernández, Luis.
_956817
245 1 0 _aTres lecciones sobre Homero /
_cLuis Gil, Antonio Blanco Freijeiro, Antonio Pastor.
260 _aMadrid :
_bTaurus,
_c[1965]
300 _a109 p., 2 lám. ;
_c24 cm.
490 1 _aCuadernos de la Fundación Pastor ;
_v10
600 0 4 _aHomero-
_xCrítica e interpretación.
_9142553
700 1 _aBlanco Freijeiro, Antonio.
_929252
700 1 _aPastor, Antonio.
_989473
710 2 _aFundación Pastor de Estudios Clásicos.
_94386
830 1 _aCuadernos de la Fundación Pastor ;
_v10
_9182742
852 _aES-MaACL
_jG-4323
999 _c71943
_d71943